<?xml version="1.0" encoding="UTF-8"?>
<collection xmlns="http://www.loc.gov/MARC21/slim">
    <record>
        <controlfield tag="001">78280</controlfield>
        <controlfield tag="005">20190318103027.0</controlfield>
        <datafield tag="024" ind1="8" ind2=" ">
            <subfield code="2">sideral</subfield>
            <subfield code="a">103755</subfield>
        </datafield>
        <datafield tag="037" ind1=" " ind2=" ">
            <subfield code="a">ART-2017-103755</subfield>
        </datafield>
        <datafield tag="041" ind1=" " ind2=" ">
            <subfield code="a">spa</subfield>
        </datafield>
        <datafield tag="100" ind1=" " ind2=" ">
            <subfield code="0">(orcid)0000-0002-1964-889X</subfield>
            <subfield code="a">Zavala Arnal, Carmen María</subfield>
            <subfield code="u">Universidad de Zaragoza</subfield>
        </datafield>
        <datafield tag="245" ind1=" " ind2=" ">
            <subfield code="a">"Los ángeles se regocijan”: La música en la pintura mariana de Blasco de Grañén (1422-1459)</subfield>
        </datafield>
        <datafield tag="260" ind1=" " ind2=" ">
            <subfield code="c">2017</subfield>
        </datafield>
        <datafield tag="506" ind1="0" ind2=" ">
            <subfield code="a">Access copy available to the general public</subfield>
            <subfield code="f">Unrestricted</subfield>
        </datafield>
        <datafield tag="520" ind1="3" ind2=" ">
            <subfield code="a">El pintor Blasco de Grañén, uno de los principales exponentes de la pintura gótica aragonesa del segundo tercio del siglo XV, fue el autor de las pinturas de varios retablos realizados para las tres provincias aragonesas en las que se representaban escenas de la Virgen María con el Niño y la Coronación de la Virgen junto con ángeles músicos. En el presente artículo, además de describir estos temas y tipos iconográficos, se realiza un breve recorrido histórico-artístico de cada pintura, se describen las escenas musicales y se identifican sus elementos. Finalmente, se obtienen ciertas conclusiones acerca del contenido musical de las pinturas de Blasco de Grañén, que se caracterizan por su rica iconografía musical.

Painter Blasco de Grañén, one of the main exponents of Aragonese Gothic painting of the second third of the 15th century, was the author of the paintings of several altarpieces made for the three Aragonese provinces, on which scenes of the Virgin and Child and the Coronation of the Virgin were represented with angels musicians. This article, as well as summarizing these iconographic subjects and types, makes a brief historic-artistic outline of each painting, describes the musical scenes and identifies their elements. Finally, some conclusions are drawn about the musical content of the paintings by Blasco de Grañén, which are characterized by their rich musical iconography.</subfield>
        </datafield>
        <datafield tag="540" ind1=" " ind2=" ">
            <subfield code="9">info:eu-repo/semantics/openAccess</subfield>
            <subfield code="a">All rights reserved</subfield>
            <subfield code="u">http://www.europeana.eu/rights/rr-f/</subfield>
        </datafield>
        <datafield tag="655" ind1=" " ind2="4">
            <subfield code="a">info:eu-repo/semantics/article</subfield>
            <subfield code="v">info:eu-repo/semantics/submittedVersion</subfield>
        </datafield>
        <datafield tag="710" ind1="2" ind2=" ">
            <subfield code="1">3001</subfield>
            <subfield code="2">189</subfield>
            <subfield code="a">Universidad de Zaragoza</subfield>
            <subfield code="b">Dpto. Expres.Music.Plást.Corp.</subfield>
            <subfield code="c">Área Didáctica Expres. Musical</subfield>
        </datafield>
        <datafield tag="773" ind1=" " ind2=" ">
            <subfield code="g">6, 2 (2017), [14 pp.]</subfield>
            <subfield code="p">Rev. int. cienca. hum.</subfield>
            <subfield code="t">Revista internacional de ciencias humanas</subfield>
            <subfield code="x">2530-4526</subfield>
        </datafield>
        <datafield tag="856" ind1="4" ind2=" ">
            <subfield code="s">1766457</subfield>
            <subfield code="u">http://zaguan.unizar.es/record/78280/files/texto_completo.pdf</subfield>
            <subfield code="y">Preprint</subfield>
        </datafield>
        <datafield tag="856" ind1="4" ind2=" ">
            <subfield code="s">71689</subfield>
            <subfield code="u">http://zaguan.unizar.es/record/78280/files/texto_completo.jpg?subformat=icon</subfield>
            <subfield code="x">icon</subfield>
            <subfield code="y">Preprint</subfield>
        </datafield>
        <datafield tag="909" ind1="C" ind2="O">
            <subfield code="o">oai:zaguan.unizar.es:78280</subfield>
            <subfield code="p">articulos</subfield>
            <subfield code="p">driver</subfield>
        </datafield>
        <datafield tag="951" ind1=" " ind2=" ">
            <subfield code="a">2019-03-18-10:01:52</subfield>
        </datafield>
        <datafield tag="980" ind1=" " ind2=" ">
            <subfield code="a">ARTICLE</subfield>
        </datafield>
    </record>

    
</collection>